00858nam a22001817a 450000500170000000800410001702000160005805000210007424501340009524600890022925000110031826001080032930000530043765000720049070000380056270000380060070000380063820200121105653.0200121b sp ||||| |||| 00| 0 spa d a8484444920304aKKT523bD58 200400aDIT Diccionario temático de legislación sobre entidades no lucrativas y voluntariadoc / Paloma Durán y Lalaguna...[et al.]10aDiccionario temático de legislación sobre entidades no lucrativas y voluntariado a1a ed. aValencia :bComares;bFundación de la Solidaridad y el Voluntariado de la Comunidad Valenciana,c2004 axxvii, 1273 p. ;c24 cm.e + 1 CD-Rom 4 3/4 plg. 4aOrganizaciones no lucrativasxLegislaciónzEspañavDiccionarios1 aDurán y Lalaguna, Palomaeautor1 aVentura Franch, Asuncióneautor1 aCuevas i Fajardo, Álvaroeautor